[Event "Nuremberg Zabo op 18th"]
[Site "Nuremberg"]
[Date "2016.09.18"]
[Round "4"]
[White "Burger, Thomas"]
[Black "Brunsch, Michael"]
[Result "0-1"]
[WhiteElo "1701"]
[BlackElo "1913"]
[PlyCount "62"]
[EventDate "2016.09.16"]
[EventType "swiss"]
[EventRounds "5"]
[EventCountry "GER"]
[SourceTitle "EXT 2018"]
[Source "ChessBase"]
[SourceDate "2017.10.13"]
[SourceVersion "1"]
[SourceVersionDate "2017.10.13"]
[SourceQuality "1"]

1. d4 Nf6 2. c4 g6 3. Nc3 d5 4. e3 Bg7 5. Nf3 0-0 6. Bd3 c5 7. 0-0 cxd4 8. Nxd4 e5 9. Nde2 Be6 10. Nxd5 Nxd5 11. cxd5 Bxd5 12. e4 Be6 13. Be3 Qa5 14. Nc3 Rd8 15. Qe2 Nc6 16. Rfd1 Rac8 17. f3 a6 18. Qf2 Nd4 19. g4 b5 20. a3 Bb3 21. Rd2 Rd6 22. Be2 Qd8 23. Bd1 Bc4 24. Kg2 Bf6 25. Bc2 Bh4 26. Qg1 Qf6 27. Qd1 Rcd8 28. b3 Be2 29. Rxe2 Qxf3+ 30. Kg1 Qxg4+ 31. Rg2 Nf3+ 0-1

[Event "Mittelfranken-ch QT"]
[Site "Nuremberg"]
[Date "2016.03.24"]
[Round "4"]
[White "Burger, Thomas"]
[Black "Grasser, Stefan"]
[Result "1-0"]
[WhiteElo "1814"]
[BlackElo "1767"]
[PlyCount "81"]
[EventDate "2016.03.23"]
[EventType "swiss"]
[EventRounds "7"]
[EventCountry "GER"]
[SourceTitle "EXT 2018"]
[Source "ChessBase"]
[SourceDate "2017.10.13"]
[SourceVersion "1"]
[SourceVersionDate "2017.10.13"]
[SourceQuality "1"]

1. d4 Nf6 2. c4 e6 3. Nc3 b6 4. Nf3 Bb7 5. e3 c5 6. d5 exd5 7. cxd5 d6 8. e4 Be7 9. Bd3 Nbd7 10. 0-0 0-0 11. b3 a6 12. a4 Rc8 13. Qe2 Ra8 14. Bb2 Ne5 15. Nxe5 dxe5 16. Nd1 Bd6 17. Ne3 Re8 18. f3 Nh5 19. g3 Bf8 20. f4 exf4 21. Qxh5 fxe3 22. Qxf7+ Kh8 23. Qh5 h6 24. Qxh6+ Kg8 25. Qg6 Qd6 26. Qf7+ Kh8 27. Qh5+ Kg8 28. Qf7+ Kh8 29. Qxb7 Qg6 30. Qf7 Qh6 31. Qf4 Qxf4 32. Rxf4 c4 33. bxc4 Bc5 34. Kf1 Rf8 35. Ke2 Kh7 36. Raf1 Rxf4 37. Rxf4 g5 38. e5+ Kg7 39. e6+ Kh6 40. Rf7 Kh5 41. h3 1-0

[Event "Mittelfranken-ch QT"]
[Site "Nuremberg"]
[Date "2016.03.23"]
[Round "2"]
[White "Burger, Thomas"]
[Black "Birkmann, Guenther"]
[Result "1/2-1/2"]
[WhiteElo "1814"]
[BlackElo "2010"]
[PlyCount "112"]
[EventDate "2016.03.23"]
[EventType "swiss"]
[EventRounds "7"]
[EventCountry "GER"]
[SourceTitle "EXT 2018"]
[Source "ChessBase"]
[SourceDate "2017.10.13"]
[SourceVersion "1"]
[SourceVersionDate "2017.10.13"]
[SourceQuality "1"]

1. d4 g6 2. c4 Bg7 3. Nc3 d6 4. e4 Nc6 5. Be3 e5 6. d5 Nce7 7. Bd3 f5 8. f3 Bh6 9. Bxh6 Nxh6 10. Qd2 Nf7 11. Nge2 0-0 12. 0-0-0 c5 13. Rdg1 a6 14. g4 f4 15. h4 Bd7 16. Kb1 Qa5 17. Nc1 b5 18. Nb3 Qb6 19. Qe2 bxc4 20. Bxc4 Rfb8 21. Rg2 a5 22. Nc1 a4 23. a3 Qa5 24. Ka2 h6 25. Rhh2 Nc8 26. Qf1 Na7 27. Qd3 Rb6 28. Rc2 Rab8 29. Rhd2 Nc8 30. Qf1 Qa7 31. Qd3 Nd8 32. Qe2 Qc7 33. Qf1 Na7 34. Nd3 Nb7 35. Nxe5 Kg7 36. Nxd7 Qxd7 37. Qe1 Na5 38. Bf1 Nb3 39. Rh2 Nd4 40. Rcf2 Qe8 41. Qc1 Qe5 42. Nxa4 R6b7 43. Ba6 Re7 44. Nc3 Rc7 45. Ne2 Nxe2 46. Rxe2 Nb5 47. Bxb5 Rxb5 48. Rc2 Rcb7 49. Qd2 Kf6 50. Qc3 Rxb2+ 51. Qxb2 Rxb2+ 52. Rxb2 Qc3 53. Rhf2 Qc4+ 54. Kb1 Qd3+ 55. Ka2 Qc4+ 56. Rb3 Ke5 1/2-1/2

[Event "Mittelfranken-ch QT"]
[Site "Nuremberg"]
[Date "2016.03.23"]
[Round "1"]
[White "Hauck, Martin"]
[Black "Burger, Thomas"]
[Result "0-1"]
[WhiteElo "1087"]
[BlackElo "1814"]
[PlyCount "78"]
[EventDate "2016.03.23"]
[EventType "swiss"]
[EventRounds "7"]
[EventCountry "GER"]
[SourceTitle "EXT 2018"]
[Source "ChessBase"]
[SourceDate "2017.10.13"]
[SourceVersion "1"]
[SourceVersionDate "2017.10.13"]
[SourceQuality "1"]

1. e4 c5 2. Nf3 d6 3. Nc3 Nc6 4. Be2 g6 5. Nd5 e6 6. Ne3 Bg7 7. c3 Nf6 8. d3 0-0 9. Bd2 a6 10. 0-0 b5 11. Qc2 Bb7 12. a4 b4 13. c4 a5 14. Nh4 Nd4 15. Qd1 Nxe4 16. dxe4 Qxh4 17. Bd3 Qe7 18. Rb1 Rad8 19. b3 Rd7 20. f4 f5 21. exf5 Nxf5 22. Nc2 d5 23. Qe2 Nd4 24. Nxd4 Bxd4+ 25. Be3 Bxe3+ 26. Qxe3 d4 27. Qg3 Qd6 28. Rf2 Re7 29. Rbf1 Kg7 30. h4 Bc6 31. h5 Be8 32. hxg6 Bxg6 33. Qg5 Rf6 34. Bxg6 Rxg6 35. Qe5+ Qxe5 36. fxe5 Rg3 37. Kh2 Rxb3 38. Rf4 h6 39. Rg4+ Kh7 0-1

[Event "Mittelfranken-ch QT 60th"]
[Site "Buechenbach/Roth"]
[Date "2011.04.22"]
[Round "7"]
[White "Burger, Thomas"]
[Black "Bayer, Rolf"]
[Result "1/2-1/2"]
[WhiteElo "1713"]
[BlackElo "1576"]
[PlyCount "60"]
[EventDate "2011.04.20"]
[EventType "swiss"]
[EventRounds "7"]
[EventCountry "GER"]
[SourceTitle "CBM 142 Extra"]
[Source "ChessBase"]
[SourceDate "2011.06.27"]
[SourceVersion "1"]
[SourceVersionDate "2011.06.27"]
[SourceQuality "1"]

1. d4 e5 2. dxe5 Nc6 3. f4 Bc5 4. Nf3 f6 5. e6 dxe6 6. Qxd8+ Nxd8 7. Nc3 a6 8. e4 Nc6 9. Bd2 Bd7 10. 0-0-0 0-0-0 11. a3 Nge7 12. Bd3 h6 13. g4 Nd4 14. Nxd4 Bxd4 15. Ne2 Ba7 16. h4 g6 17. Bc3 Rhf8 18. g5 hxg5 19. hxg5 fxg5 20. fxg5 Be3+ 21. Bd2 Bxd2+ 22. Kxd2 Bc6 23. Ke3 Rh8 24. Rh6 Rxh6 25. gxh6 e5 26. h7 Rh8 27. Rh1 b5 28. Ng1 Kd7 29. Nf3 Ke6 30. c4 Be8 1/2-1/2

[Event "Mittelfranken-ch QT 60th"]
[Site "Buechenbach/Roth"]
[Date "2011.04.21"]
[Round "4"]
[White "Meulner, Fabian"]
[Black "Burger, Thomas"]
[Result "1/2-1/2"]
[WhiteElo "1668"]
[BlackElo "1713"]
[PlyCount "65"]
[EventDate "2011.04.20"]
[EventType "swiss"]
[EventRounds "7"]
[EventCountry "GER"]
[SourceTitle "CBM 142 Extra"]
[Source "ChessBase"]
[SourceDate "2011.06.27"]
[SourceVersion "1"]
[SourceVersionDate "2011.06.27"]
[SourceQuality "1"]

1. e4 c5 2. Nf3 d6 3. d4 cxd4 4. Nxd4 Nc6 5. Be3 Nf6 6. Nc3 g6 7. f3 Bg7 8. Qd2 0-0 9. Be2 a6 10. g4 Nxd4 11. Bxd4 b5 12. g5 Ne8 13. Bxg7 Nxg7 14. 0-0-0 Bb7 15. h4 Qa5 16. Kb1 b4 17. Nd5 Bxd5 18. Qxd5 Qxd5 19. Rxd5 a5 20. f4 Ne6 21. f5 Nf4 22. Rd2 Nxe2 23. Rxe2 Kg7 24. h5 gxh5 25. Rxh5 f6 26. Reh2 Rh8 27. gxf6+ exf6 28. Rd2 Ra6 29. Rd5 Rc8 30. Rb5 Rac6 31. Rh2 Rc5 32. Rb7+ R5c7 33. Rb5 1/2-1/2

[Event "Mittelfranken-ch QT 59th"]
[Site "Forchheim"]
[Date "2010.04.03"]
[Round "7"]
[White "Burger, Thomas"]
[Black "Wirth, Karl Heinz"]
[Result "1-0"]
[WhiteElo "1661"]
[BlackElo "1738"]
[PlyCount "61"]
[EventDate "2010.03.31"]
[EventType "swiss"]
[EventRounds "7"]
[EventCountry "GER"]
[SourceTitle "EXT 2011"]
[Source "ChessBase"]
[SourceDate "2010.11.26"]
[SourceVersion "1"]
[SourceVersionDate "2010.11.26"]
[SourceQuality "1"]

1. d4 Nf6 2. c4 e5 3. dxe5 Ng4 4. Nf3 Bc5 5. e3 Nc6 6. Qd5 Qe7 7. a3 a5 8. Nc3 Ngxe5 9. Nxe5 Nxe5 10. Be2 d6 11. b3 0-0 12. 0-0 Bd7 13. Qd1 Bc6 14. Nd5 Qd7 15. Bb2 Rad8 16. Qc2 Bxd5 17. cxd5 c6 18. Bxe5 Bxe3 19. fxe3 dxe5 20. dxc6 bxc6 21. Rfd1 Qa7 22. Kf2 Rc8 23. Rd6 c5 24. Rad1 Qe7 25. g3 f5 26. Rd7 Qg5 27. h4 Qh6 28. R1d6 g6 29. Bc4+ Kh8 30. Qc3 Rce8 31. Re6 1-0

[Event "Mittelfranken-ch QT 59th"]
[Site "Forchheim"]
[Date "2010.03.31"]
[Round "1"]
[White "Burger, Thomas"]
[Black "Diller, Daniel"]
[Result "1/2-1/2"]
[WhiteElo "1661"]
[BlackElo "1370"]
[PlyCount "57"]
[EventDate "2010.03.31"]
[EventType "swiss"]
[EventRounds "7"]
[EventCountry "GER"]
[SourceTitle "EXT 2011"]
[Source "ChessBase"]
[SourceDate "2010.11.26"]
[SourceVersion "1"]
[SourceVersionDate "2010.11.26"]
[SourceQuality "1"]

1. d4 d5 2. Nf3 Nf6 3. c4 dxc4 4. e3 e6 5. Bxc4 c5 6. 0-0 a6 7. a4 Nc6 8. Nc3 Be7 9. d5 exd5 10. Nxd5 0-0 11. Nc3 Bg4 12. Be2 Qxd1 13. Rxd1 Rfd8 14. e4 Nd4 15. Nxd4 cxd4 16. Bxg4 dxc3 17. Bf3 Rxd1+ 18. Bxd1 Nxe4 19. Bf3 cxb2 20. Bxb2 Ng5 21. Be2 Rc8 22. Bd3 Ne6 23. Bf5 g6 24. Bg4 Rc2 25. Be5 Bc5 26. Bxe6 fxe6 27. Bg3 e5 28. Kf1 Kf7 29. Re1 1/2-1/2

[Event "Mittelfranken-ch QT 55th"]
[Site "Postbauer"]
[Date "2006.04.12"]
[Round "1"]
[White "Burger, Thomas"]
[Black "Stahl, Peter1111"]
[Result "1-0"]
[WhiteElo "1656"]
[BlackElo "1263"]
[PlyCount "105"]
[EventDate "2006.04.12"]
[EventType "swiss"]
[EventRounds "7"]
[EventCountry "GER"]
[SourceTitle "EXT 2015"]
[Source "ChessBase"]
[SourceDate "2014.11.20"]
[SourceVersion "1"]
[SourceVersionDate "2014.11.20"]
[SourceQuality "1"]

1. d4 d5 2. c4 e6 3. Nc3 c5 4. cxd5 exd5 5. Nf3 b6 6. dxc5 d4 7. Qxd4 Qxd4 8. Nxd4 Bxc5 9. Nf3 Bb7 10. a3 a5 11. Bf4 Nf6 12. e3 0-0 13. Be2 Nc6 14. 0-0 Nd8 15. Na4 Ne6 16. Be5 Ng4 17. Bg3 f5 18. Bc4 Rf6 19. Ng5 Bc8 20. Nxc5 bxc5 21. Rfd1 Kh8 22. Nxe6 Bxe6 23. Bxe6 Rxe6 24. Rd5 Nxe3 25. fxe3 Rxe3 26. Rxc5 g6 27. Rac1 Ree8 28. Be5+ Kg8 29. Kf2 Rad8 30. Bc3 a4 31. Rc7 Rc8 32. Rg7+ Kh8 33. Rxg6+ Rxc3 34. Rxc3 hxg6 35. Rc4 Rb8 36. Rb4 Rc8 37. Rxa4 Rc2+ 38. Kg3 Rxb2 39. Ra7 Rb3+ 40. Kh4 g5+ 41. Kxg5 Rb2 42. g3 Rxh2 43. Kg6 Rh6+ 44. Kxh6 Kg8 45. Kg6 Kf8 46. Kxf5 Ke8 47. Kf6 Kd8 48. Ke6 Kc8 49. Kd6 Kb8 50. Rh7 Kc8 51. g4 Kb8 52. Kc6 Ka8 53. Kb6 1-0

[Event "Mittelfranken-ch QT 52nd"]
[Site "Uttenreuth"]
[Date "2003.04.17"]
[Round "4"]
[White "Burger, Thomas"]
[Black "Kollitz, Carsten"]
[Result "1-0"]
[WhiteElo "1673"]
[BlackElo "1425"]
[PlyCount "85"]
[EventDate "2003.04.16"]
[EventType "swiss"]
[EventRounds "7"]
[EventCountry "GER"]
[SourceTitle "EXT 2015"]
[Source "ChessBase"]
[SourceDate "2014.11.20"]
[SourceVersion "1"]
[SourceVersionDate "2014.11.20"]
[SourceQuality "1"]

1. d4 Nf6 2. Nf3 d5 3. e3 Bg4 4. Bd3 Nbd7 5. Nbd2 e5 6. dxe5 Nxe5 7. Be2 Nxf3+ 8. Bxf3 Qd7 9. h3 Bxf3 10. Qxf3 Bd6 11. b3 Be5 12. Rb1 0-0-0 13. 0-0 g5 14. Qe2 Qf5 15. Nf3 Bd6 16. Bb2 h5 17. Qd3 Qxd3 18. cxd3 Rh6 19. Nxg5 Rf8 20. Bxf6 Rxf6 21. Nh7 Rg6 22. Nxf8 Bxf8 23. f4 f5 24. Kf2 Bc5 25. Rg1 Re6 26. d4 Bb4 27. Rb2 Kd7 28. g4 hxg4 29. hxg4 fxg4 30. Rxg4 Rh6 31. Kf3 Rh3+ 32. Rg3 Rh1 33. f5 Re1 34. Rf2 c5 35. Rg7+ Kc6 36. f6 c4 37. bxc4 dxc4 38. f7 c3 39. Ke4 Rc1 40. f8Q Bxf8 41. Rxf8 c2 42. Rc8+ Kb5 43. Rgc7 1-0

[Event "Mittelfranken-ch QT 49th"]
[Site "Ansbach"]
[Date "2000.??.??"]
[Round "1"]
[White "Schloetterer, Hermann"]
[Black "Burger, Thomas"]
[Result "0-1"]
[WhiteElo "1861"]
[BlackElo "1614"]
[PlyCount "80"]
[EventDate "2000.04.19"]
[EventType "swiss"]
[EventRounds "7"]
[EventCountry "GER"]
[SourceTitle "EXT 2015"]
[Source "ChessBase"]
[SourceDate "2014.11.20"]
[SourceVersion "1"]
[SourceVersionDate "2014.11.20"]
[SourceQuality "1"]

1. d4 d5 2. g3 Bf5 3. Bg2 e6 4. Nf3 Nf6 5. 0-0 c5 6. c4 Nc6 7. Qa4 Qa5 8. Qxa5 Nxa5 9. cxd5 Nxd5 10. Nh4 Bxb1 11. Rxb1 cxd4 12. Bxd5 exd5 13. Nf5 Nc6 14. Rd1 Bc5 15. Nxg7+ Kd7 16. Nh5 Rad8 17. a3 a5 18. Bh6 Kc8 19. Rbc1 b6 20. Bg7 Rhe8 21. Bxd4 Nxd4 22. Rxd4 Kb7 23. Rd2 Re5 24. Nf4 Be7 25. Rdc2 Bg5 26. e3 Rd7 27. Ne2 d4 28. Nxd4 Rxe3 29. Nb5 Rb3 30. Rc7+ Rxc7 31. Rxc7+ Kb8 32. a4 Rxb5 33. Rxf7 Rxb2 34. Rxh7 Rb4 35. h4 Bf6 36. Rf7 Bc3 37. h5 Rxa4 38. h6 Rb4 39. h7 a4 40. f4 a3 0-1